000 00227nam a2200097Ia 4500
008 120527s9999 xx 000 0 und d
100 _aADAMS,C.R
245 _aPrinciples of horticulture.
260 _bButterworths.
942 _cBK
999 _c23820
_d23820